Statistics for JetPunk GeoGuessr #1

Click here to take the quiz!

General Stats

  • This quiz has been taken 145 times
  • The average score is 6 of 8

Answer Stats

Answer% Correct
USA
90%
India
88%
Brazil
86%
Netherlands
86%
UAE
86%
Nigeria
71%
Japan
66%
Turkey
56%

Score Distribution

Percentile by Number Answered

Percent of People with Each Score

Your Score History

You have not taken this quiz